[Event "XXVI Festival Isola d'Elba A"]
[Site "Capoliveri ITA"]
[Date "2008.05.14"]
[Round "5"]
[White "Brunello, Marina"]
[Black "Castiello, Luigi"]
[Result "1-0"]
[WhiteElo "2035"]
[BlackElo "2142"]
[PlyCount "149"]
[EventDate "2008.05.10"]

1. e4 c5 2. c3 d5 3. exd5 Qxd5 4. d4 Nf6 5. Nf3 Nc6 6. Be3 cxd4 7. cxd4 e6 8.
Nc3 Qd8 9. Bc4 Bd6 10. O-O a6 11. Bg5 O-O 12. d5 Ne5 13. Bb3 h6 14. Bxf6 Qxf6
15. dxe6 Nxf3+ 16. Qxf3 Qxf3 17. gxf3 fxe6 18. Rfe1 Bb4 19. Re3 Bc5 20. Rd3 Kh8
21. Re1 b6 22. Na4 Bb4 23. Re4 Ba5 24. Bxe6 Bb7 25. Ree3 Rf4 26. Nc3 Raf8 27.
Kg2 Bxc3 28. Rxc3 g5 29. h3 h5 30. Kg3 a5 31. Bd7 Bd5 32. b3 R4f6 33. Red3 Bb7
34. Re3 Rf4 35. Bc6 Ba6 36. Re5 R4f5 37. Rxf5 Rxf5 38. Be4 Rc5 39. Rxc5 bxc5
40. h4 gxh4+ 41. Kxh4 Kg7 42. Kxh5 Kf6 43. f4 Be2+ 44. Kh4 Bd1 45. Kg3 a4 46.
bxa4 Bxa4 47. Bd3 Be8 48. Bc4 Bc6 49. Kg4 Ba4 50. Kf3 Kf5 51. Ke3 Bc6 52. a3
Kf6 53. f3 Kf5 54. Bd3+ Kf6 55. Be4 Bb5 56. Kd2 Ke6 57. Kc3 Kd6 58. f5 Ke5 59.
Bd3 Bc6 60. Kc4 Kd6 61. Be4 Ba4 62. f4 Be8 63. Bd5 Bh5 64. Bg8 Be2+ 65. Kc3 Ke7
66. a4 Kf6 67. Be6 Ba6 68. a5 Bf1 69. Bc8 Be2 70. Kd2 Bb5 71. a6 Bxa6 72. Bxa6
Kxf5 73. Ke3 Kf6 74. Ke4 Ke6 75. Bc4+ 1-0

[Event "XXVI Festival Isola d'Elba A"]
[Site "Capoliveri ITA"]
[Date "2008.05.14"]
[Round "5"]
[White "Calisi, Elia"]
[Black "Doleschal, Johannes"]
[Result "1/2-1/2"]
[WhiteElo "1874"]
[BlackElo "2037"]
[PlyCount "76"]
[EventDate "2008.05.10"]

1. d4 Nf6 2. c4 e6 3. Nc3 d5 4. Nf3 c6 5. Bg5 h6 6. Bxf6 Qxf6 7. cxd5 exd5 8.
e3 Bd6 9. Be2 O-O 10. O-O Re8 11. a3 a5 12. Qd2 Bf5 13. b4 axb4 14. axb4 Rxa1
15. Rxa1 b5 16. Ra7 Qd8 17. Qb2 Qb6 18. Ra3 Na6 19. Na2 Bc8 20. Ne1 Qc7 21. g3
Qe7 22. Nd3 Bb7 23. Bf3 Ra8 24. Bg2 Qd8 25. Bf1 Qf8 26. Be2 Qe7 27. Bf1 h5 28.
Be2 h4 29. Bf3 Qf6 30. Bg2 Qe7 31. Bh3 Re8 32. Nc5 Nxc5 33. bxc5 Bb8 34. Nb4
hxg3 35. hxg3 Qf6 36. Ra1 Qg6 37. Qe2 Qh6 38. Kg2 Qf6 1/2-1/2

[Event "XXVI Festival Isola d'Elba A"]
[Site "Capoliveri ITA"]
[Date "2008.05.14"]
[Round "5"]
[White "Cammarota, Vittorio"]
[Black "Kopischke, Maik"]
[Result "1-0"]
[WhiteElo "1914"]
[BlackElo "1949"]
[PlyCount "67"]
[EventDate "2008.05.10"]

1. d4 Nf6 2. Nf3 e6 3. e3 b6 4. Bd3 Bb7 5. Nbd2 c5 6. b3 Be7 7. Bb2 d6 8. c4
Nbd7 9. O-O h6 10. Qe2 Qc7 11. Rac1 a6 12. e4 cxd4 13. Nxd4 e5 14. Nf5 g6 15.
Nxe7 Kxe7 16. f4 Qc5+ 17. Kh1 Rh7 18. a3 Rg8 19. b4 Qc8 20. Qf2 Ng4 21. Qh4+
Ndf6 22. fxe5 dxe5 23. h3 g5 24. Qe1 h5 25. hxg4 hxg4+ 26. Kg1 Rgh8 27. Qg3 Qe6
28. Qxe5 Qxe5 29. Bxe5 Rh1+ 30. Kf2 g3+ 31. Bxg3 R1h6 32. c5 Ng4+ 33. Ke2 Rd8
34. cxb6 1-0

[Event "XXVI Festival Isola d'Elba A"]
[Site "Capoliveri ITA"]
[Date "2008.05.14"]
[Round "5"]
[White "Ceccarini, Marco"]
[Black "Csala, Imre"]
[Result "0-1"]
[WhiteElo "2077"]
[BlackElo "2254"]
[PlyCount "70"]
[EventDate "2008.05.10"]

1. e4 g6 2. d4 Bg7 3. c3 d6 4. Be3 Nf6 5. f3 O-O 6. Bd3 e5 7. Ne2 Nbd7 8. d5 c5
9. c4 Ne8 10. Nbc3 f5 11. exf5 gxf5 12. Qc2 Qh4+ 13. g3 Qh3 14. O-O-O a6 15.
Ng1 Qh5 16. g4 fxg4 17. fxg4 Qxg4 18. Bxh7+ Kh8 19. Bd3 b5 20. b3 bxc4 21. bxc4
e4 22. Nxe4 Ne5 23. Be2 Qg2 24. Ng3 Rb8 25. Rd2 Qxh1 26. Nxh1 Bf5 27. Qb3 Nf6
28. Ng3 Bh7 29. Nf3 Nfg4 30. Nxe5 Rxb3 31. axb3 Nxe3 32. Nd3 Rb8 33. Kb1 Nxc4
34. Ra2 Rxb3+ 35. Kc2 Rc3+ 0-1

[Event "XXVI Festival Isola d'Elba A"]
[Site "Capoliveri ITA"]
[Date "2008.05.14"]
[Round "5"]
[White "Codenotti, Marco"]
[Black "Juhasz, Nagy Sandor"]
[Result "1-0"]
[WhiteElo "2063"]
[BlackElo "1938"]
[PlyCount "99"]
[EventDate "2008.05.10"]

1. e4 c6 2. d4 d5 3. exd5 cxd5 4. Bf4 Nc6 5. c3 Qb6 6. Qb3 Qxb3 7. axb3 Nf6 8.
Nd2 e6 9. h3 Be7 10. Bd3 O-O 11. Ngf3 Rd8 12. b4 Bd6 13. Bxd6 Rxd6 14. Ne5 Nd7
15. Nxd7 Bxd7 16. O-O Ne7 17. Ra2 Rb6 18. Rb1 a6 19. Ra5 Rd8 20. f4 g6 21. Nf3
f6 22. Re1 Kf7 23. Nd2 h6 24. h4 Rg8 25. Nf3 h5 26. Kf2 Rd8 27. Nd2 Rg8 28. Nb3
Rb8 29. Nc5 Be8 30. Re2 Nf5 31. Ra1 Nd6 32. Rae1 Nf5 33. Bxf5 exf5 34. Re7+ Kf8
35. Rc7 a5 36. Ree7 axb4 37. Ne6+ Rxe6 38. Rxe6 bxc3 39. bxc3 b5 40. Rxf6+ Kg8
41. Rd6 Bf7 42. Rdd7 Rf8 43. Rb7 Kg7 44. Rdc7 Kf6 45. Rb6+ Be6 46. Rxb5 Re8 47.
Rb6 Re7 48. Rxe7 Kxe7 49. Rxe6+ Kxe6 50. Ke3 1-0

[Event "XXVI Festival Isola d'Elba A"]
[Site "Capoliveri ITA"]
[Date "2008.05.14"]
[Round "5"]
[White "Gromovs, Sergejs"]
[Black "Evangelisti, Claudio R."]
[Result "1-0"]
[WhiteElo "2339"]
[BlackElo "2244"]
[PlyCount "89"]
[EventDate "2008.05.10"]

1. d4 Nf6 2. c4 e6 3. Nf3 Bb4+ 4. Nbd2 O-O 5. a3 Bxd2+ 6. Bxd2 Ne4 7. Bf4 d6 8.
e3 b6 9. Bd3 Bb7 10. Qc2 f5 11. h4 Nd7 12. Ng5 Nxg5 13. Bxg5 Qe8 14. O-O-O c5
15. f3 d5 16. Kb1 b5 17. cxb5 c4 18. Be2 Nb6 19. a4 Nc8 20. e4 a6 21. exd5 exd5
22. Rde1 Qd7 23. b6 a5 24. Bd1 h6 25. Bf4 Nxb6 26. Re5 Bc6 27. Rhe1 Rf7 28. Qc3
Ra7 29. Re6 Rb7 30. Rd6 Qc8 31. Qxa5 c3 32. Re2 Rfd7 33. Rde6 Nc4 34. Qxc3 Rf7
35. Bc1 Bd7 36. Re7 Rxe7 37. Rxe7 f4 38. Bc2 Qf8 39. Re2 Na3+ 40. Ka2 Nxc2 41.
Qxc2 Qb4 42. b3 Ra7 43. Ba3 Qb7 44. Re7 Ra8 45. Qg6 1-0

[Event "XXVI Festival Isola d'Elba A"]
[Site "Capoliveri ITA"]
[Date "2008.05.14"]
[Round "5"]
[White "Guerrini, Donato"]
[Black "Scipioni, Gaetano"]
[Result "0-1"]
[WhiteElo "2026"]
[BlackElo "2124"]
[PlyCount "80"]
[EventDate "2008.05.10"]

1. Nf3 d6 2. b4 e5 3. d3 Nf6 4. Nbd2 Be7 5. Bb2 Nbd7 6. g3 O-O 7. Bg2 c6 8. O-O
Qc7 9. a3 h6 10. c4 Re8 11. Qc2 b6 12. e4 Bb7 13. d4 Bf8 14. Rfe1 c5 15. bxc5
bxc5 16. dxe5 dxe5 17. Nf1 Nb8 18. N3d2 Nc6 19. Ne3 Nd4 20. Qd3 Rab8 21. Rab1
Ba6 22. Nd5 Nxd5 23. exd5 Rb6 24. Bc3 Rxb1 25. Rxb1 Rb8 26. Bf1 g6 27. Kg2 Bg7
28. Ba5 Qc8 29. Rxb8 Qxb8 30. Qb1 Qc8 31. Ne4 Qf5 32. Nd2 Qc8 33. Ne4 Qf5 34.
Qb8+ Bc8 35. Nd2 Kh7 36. Qxa7 h5 37. Qe7 Bh6 38. f4 exf4 39. Qe4 Qg4 40. Nf3
Bf5 0-1

[Event "XXVI Festival Isola d'Elba A"]
[Site "Capoliveri ITA"]
[Date "2008.05.14"]
[Round "5"]
[White "Lazar, Andras"]
[Black "Horton-Kitchlew, Andrew"]
[Result "0-1"]
[WhiteElo "2111"]
[BlackElo "2105"]
[PlyCount "122"]
[EventDate "2008.05.10"]

1. e4 d6 2. d4 c6 3. c4 g6 4. Nc3 Bg7 5. Be3 Nf6 6. f3 O-O 7. Qd2 e5 8. O-O-O
Qa5 9. Kb1 Re8 10. Nge2 b5 11. dxe5 dxe5 12. Nc1 b4 13. N3e2 Na6 14. Nb3 Qc7
15. c5 Be6 16. Nec1 Red8 17. Bd3 Rd7 18. Qe2 Nb8 19. Nd2 Rd8 20. Bc4 Bc8 21.
Ndb3 a5 22. Rxd8+ Qxd8 23. Rd1 Bd7 24. Nd3 Qe7 25. Qc2 Ne8 26. Qd2 Be6 27. Qc2
Nc7 28. Nd2 Nd7 29. Qa4 Nb8 30. Rc1 Qd8 31. Rd1 Qh4 32. Bxe6 Nxe6 33. Nxb4 Qxh2
34. Nxc6 Qxg2 35. Ne7+ Kf8 36. Nd5 Qe2 37. Rc1 Qd3+ 38. Ka1 Na6 39. Qc6 Rd8 40.
Nc4 Nb4 41. Qa4 Nxd5 42. Rd1 Nc3 43. Rxd3 Nxa4 44. Rxd8+ Nxd8 45. Nxa5 Ke8 46.
c6 Ne6 47. b3 Nc3 48. Bb6 h5 49. Nc4 h4 50. a4 h3 51. Bg1 Nd4 52. Nd6+ Kd8 53.
Nxf7+ Kc7 54. Ng5 Nce2 55. Bh2 Kxc6 56. Kb2 Bf6 57. Nxh3 Nxf3 58. Bxe5 Bxe5+
59. Ka3 Bg3 60. b4 Neg1 61. b5+ Kc5 0-1

[Event "XXVI Festival Isola d'Elba A"]
[Site "Capoliveri ITA"]
[Date "2008.05.14"]
[Round "5"]
[White "Mazzetta, Renato"]
[Black "Proia, Gaetano"]
[Result "0-1"]
[WhiteElo "1908"]
[BlackElo "2026"]
[PlyCount "42"]
[EventDate "2008.05.10"]

1. e4 e5 2. Nc3 Nf6 3. g3 Bc5 4. Bg2 O-O 5. Nge2 Nc6 6. O-O a6 7. d3 d6 8. h3
h6 9. Kh2 Nh7 10. Nd5 Ne7 11. Nec3 c6 12. Ne3 f5 13. f4 exf4 14. gxf4 fxe4 15.
dxe4 Ng6 16. f5 Ne5 17. Ng4 Nxg4+ 18. Qxg4 Nf6 19. Qg3 Qe7 20. Qd3 Nh5 21. Bd2
Qe5+ 0-1

[Event "XXVI Festival Isola d'Elba A"]
[Site "Capoliveri ITA"]
[Date "2008.05.14"]
[Round "5"]
[White "Nelli, Carlo"]
[Black "Papa, Angelo"]
[Result "1/2-1/2"]
[WhiteElo "1948"]
[BlackElo "1874"]
[PlyCount "32"]
[EventDate "2008.05.10"]

1. e4 g6 2. d4 Bg7 3. Nc3 c6 4. Be3 Qb6 5. Rb1 d6 6. Bc4 Qc7 7. a4 Nf6 8. h3
O-O 9. Be2 a5 10. Nf3 e5 11. O-O Nbd7 12. Qd2 exd4 13. Nxd4 Nc5 14. f3 Ne6 15.
Nxe6 Bxe6 16. f4 Rad8 1/2-1/2

[Event "XXVI Festival Isola d'Elba A"]
[Site "Capoliveri ITA"]
[Date "2008.05.14"]
[Round "5"]
[White "Pepino, Enrico"]
[Black "Bini, Lorenzo"]
[Result "1-0"]
[WhiteElo "2138"]
[BlackElo "2023"]
[PlyCount "57"]
[EventDate "2008.05.10"]

1. e4 b6 2. d4 Bb7 3. Bd3 Nf6 4. Qe2 e6 5. Nf3 d5 6. e5 Nfd7 7. a3 c5 8. c3 Nc6
9. O-O h6 10. Be3 a5 11. b3 Qc8 12. Nbd2 Ba6 13. c4 Ne7 14. Rfc1 Qb8 15. Rab1
Bb7 16. h4 g6 17. cxd5 Nxd5 18. Bb5 Nxe3 19. Qxe3 Ba6 20. Bxd7+ Kxd7 21. Ne4
Bb7 22. Nf6+ Kd8 23. Rd1 Kc8 24. dxc5 Bxc5 25. Rbc1 Rd8 26. Rxc5+ bxc5 27.
Qxc5+ Qc7 28. Rxd8+ Kxd8 29. Qf8# 1-0

[Event "XXVI Festival Isola d'Elba A"]
[Site "Capoliveri ITA"]
[Date "2008.05.14"]
[Round "5"]
[White "Picone, Franco"]
[Black "Bini, Alessandro"]
[Result "1-0"]
[WhiteElo "1882"]
[BlackElo "2007"]
[PlyCount "152"]
[EventDate "2008.05.10"]

1. d4 g6 2. Nf3 Bg7 3. Bf4 d6 4. e3 c5 5. c3 Qb6 6. Qc1 Nd7 7. Nbd2 Ngf6 8. Be2
O-O 9. h3 Re8 10. O-O Nf8 11. Bh2 cxd4 12. Nxd4 Bd7 13. Rd1 a6 14. Nc4 Qc7 15.
a4 b5 16. axb5 axb5 17. Na3 b4 18. cxb4 Qb6 19. b5 Rec8 20. Nc4 Qc5 21. Rxa8
Rxa8 22. Na3 Rc8 23. Qxc5 dxc5 24. b6 Bc6 25. Nxc6 Rxc6 26. b7 N6d7 27. b8=Q
Nxb8 28. Bxb8 Rb6 29. Ba7 Rxb2 30. Bc4 Rb7 31. Bxc5 Bf6 32. Bd4 e5 33. Bc3 Nd7
34. e4 Be7 35. Nb5 Nb6 36. Bd5 Nxd5 37. Rxd5 f6 38. Ba5 Kg7 39. Nc3 h5 40. Rb5
Rd7 41. Nd5 Bf8 42. Bb4 Bxb4 43. Rxb4 f5 44. Rc4 Rd6 45. f3 h4 46. Rc7+ Kh6 47.
Re7 fxe4 48. fxe4 Ra6 49. Rxe5 Ra1+ 50. Kf2 Ra2+ 51. Kf3 Ra3+ 52. Ne3 g5 53.
Re8 Kg7 54. Re5 Kf6 55. Rf5+ Kg6 56. Ke2 Rb3 57. Ng4 Rb2+ 58. Kf1 Rb1+ 59. Kf2
Rb2+ 60. Kg1 Rb1+ 61. Kh2 Re1 62. Rf6+ Kg7 63. e5 Re4 64. e6 Re2 65. Kg1 Ra2
66. e7 Re2 67. Rf5 Rxe7 68. Rxg5+ Kf7 69. Rh5 Re1+ 70. Kf2 Ra1 71. Rxh4 Kg6 72.
Ne3 Kg5 73. Rc4 Ra2+ 74. Kf3 Ra8 75. g4 Kh4 76. Rc5 Rh8 1-0

[Event "XXVI Festival Isola d'Elba A"]
[Site "Capoliveri ITA"]
[Date "2008.05.14"]
[Round "5"]
[White "Qendro, Llambi"]
[Black "Oschetzki, Stefan"]
[Result "1/2-1/2"]
[WhiteElo "2389"]
[BlackElo "2175"]
[PlyCount "47"]
[EventDate "2008.05.10"]

1. d4 g6 2. c4 f5 3. g3 Nf6 4. Bg2 Bg7 5. Nc3 c6 6. Nf3 O-O 7. O-O d6 8. d5 e5
9. dxe6 Bxe6 10. Qd3 Kh8 11. Bf4 d5 12. Ng5 Bg8 13. cxd5 cxd5 14. Rad1 Nc6 15.
Qb5 h6 16. Nf3 Qe7 17. Be3 Rfd8 18. Nh4 Kh7 19. Bc5 Qe8 20. Qxb7 Rab8 21. Qa6
Rxb2 22. Qa3 Rdb8 23. Nf3 Ne4 24. Bd4 1/2-1/2

[Event "XXVI Festival Isola d'Elba A"]
[Site "Capoliveri ITA"]
[Date "2008.05.14"]
[Round "5"]
[White "Ricci, Alfredo"]
[Black "Gardi, Giuseppe"]
[Result "1-0"]
[WhiteElo "2036"]
[BlackElo "2061"]
[PlyCount "123"]
[EventDate "2008.05.10"]

1. e4 g6 2. d4 Bg7 3. Nc3 c6 4. g3 d5 5. exd5 cxd5 6. Bg2 e6 7. Nf3 Nc6 8. O-O
Nge7 9. Ne2 O-O 10. Re1 b5 11. Nf4 a5 12. c3 Nf5 13. Nd3 b4 14. a4 Re8 15. Bg5
Qd6 16. Qd2 Qf8 17. Bf4 Nd6 18. Bxd6 Qxd6 19. cxb4 Nxb4 20. Nxb4 axb4 21. b3
Ba6 22. Rac1 h5 23. h4 Kh7 24. Rc5 Qb6 25. Qf4 Ra7 26. Rec1 Bh6 27. Ng5+ Bxg5
28. hxg5 Qd8 29. Bf3 Qb8 30. Rc7 Re7 31. Rxe7 Qxf4 32. gxf4 Rxe7 33. Rc6 Bd3
34. Rb6 Bc2 35. Rxb4 Ra7 36. Be2 Bxb3 37. Rxb3 Rxa4 38. Rd3 Kg7 39. Kg2 f5 40.
Kf3 Kf7 41. Ke3 Ra1 42. Rd1 Ra3+ 43. Bd3 Rb3 44. Rb1 Ra3 45. Rb7+ Kf8 46. Kd2
Ra2+ 47. Bc2 Ra1 48. Rc7 Rf1 49. Ke2 Rc1 50. Rc6 Kf7 51. Ba4 Ra1 52. Rc7+ Kg8
53. Be8 Ra2+ 54. Kf3 Ra3+ 55. Kg2 Rd3 56. Bxg6 Rxd4 57. Kg3 h4+ 58. Kxh4 Rxf4+
59. Kh5 Kf8 60. Bf7 Rxf2 61. Kg6 Ra2 62. Kf6 1-0

[Event "XXVI Festival Isola d'Elba A"]
[Site "Capoliveri ITA"]
[Date "2008.05.14"]
[Round "5"]
[White "Rigo, Janos"]
[Black "Paleologu, Vladimir"]
[Result "1-0"]
[WhiteElo "2298"]
[BlackElo "2170"]
[PlyCount "61"]
[EventDate "2008.05.10"]

1. e4 d6 2. d4 Nf6 3. f3 d5 4. e5 Nfd7 5. c3 c5 6. f4 g6 7. Nf3 Bg7 8. Be3 b6
9. dxc5 Nxc5 10. Bb5+ Kf8 11. Nd4 Bd7 12. a4 a6 13. Bxd7 Qxd7 14. O-O e6 15.
Nd2 Nc6 16. b4 Nb7 17. N4b3 Qc7 18. Qe2 Nbd8 19. Qf2 Rb8 20. a5 b5 21. Bc5+ Ne7
22. Bd6 Qc8 23. Bxb8 Qxb8 24. Qb6 Qc8 25. Nc5 d4 26. cxd4 Nd5 27. Qxa6 Qxa6 28.
Nxa6 Ke8 29. Rac1 Bf8 30. Ne4 Ne3 31. Nf6+ 1-0

[Event "XXVI Festival Isola d'Elba A"]
[Site "Capoliveri ITA"]
[Date "2008.05.14"]
[Round "5"]
[White "Vuelban, Virgilio"]
[Black "Ortega, Lexy"]
[Result "1/2-1/2"]
[WhiteElo "2270"]
[BlackElo "2459"]
[PlyCount "104"]
[EventDate "2008.05.10"]

1. e4 c5 2. Nf3 e6 3. d4 cxd4 4. Nxd4 a6 5. Bd3 Qc7 6. O-O Nf6 7. Qe2 Nc6 8.
Nxc6 dxc6 9. c4 e5 10. Nc3 Nd7 11. Be3 Nc5 12. Rac1 Be7 13. Bb1 a5 14. f4 O-O
15. f5 f6 16. Rf3 Rd8 17. g4 Bd7 18. h4 Be8 19. Rg3 Rd4 20. Kh1 Bf7 21. b3 Rad8
22. Rcg1 Kh8 23. g5 Bg8 24. g6 Bf8 25. h5 h6 26. Bxh6 gxh6 27. g7+ Bxg7 28.
Rxg7 Qxg7 29. Rxg7 Kxg7 30. Qg4+ Kf8 31. Qg6 Ke7 32. Qxh6 Bf7 33. Bc2 b6 34. a4
Rd2 35. Nd5+ cxd5 36. Qxd2 dxc4 37. Qe2 cxb3 38. Bb1 Rh8 39. Qb5 Rxh5+ 40. Kg2
Nd7 41. Qc6 Rg5+ 42. Kf2 Rh5 43. Kg2 Rg5+ 44. Kf2 Rh5 45. Bd3 Rh8 46. Bc4 Rd8
47. Qc7 Rh8 48. Bb5 Rh2+ 49. Ke3 Rh3+ 50. Kd2 Rh2+ 51. Ke3 Rh3+ 52. Kd2 Rh2+
1/2-1/2

[Event "XXVI Festival Isola d'Elba A"]
[Site "Capoliveri ITA"]
[Date "2008.05.15"]
[Round "6"]
[White "Bartoli, Fabio"]
[Black "Ceccarini, Marco"]
[Result "0-1"]
[WhiteElo "1869"]
[BlackElo "2077"]
[PlyCount "69"]
[EventDate "2008.05.10"]

1. e4 g6 2. d4 Bg7 3. Be3 c6 4. Nf3 d5 5. exd5 cxd5 6. c3 Nf6 7. Nbd2 Nc6 8.
Bd3 O-O 9. O-O Qc7 10. Re1 Ng4 11. Bg5 f6 12. Bh4 e5 13. Qb3 Be6 14. dxe5 fxe5
15. Ng5 Bf7 16. Nxf7 Qxf7 17. f3 Nf6 18. Ne4 Na5 19. Nxf6+ Bxf6 20. Qa4 Nc6 21.
Bxf6 Qxf6 22. Qb3 Qd6 23. Rad1 Kh8 24. Kh1 Qc5 25. Qb5 Qd6 26. Be4 Ne7 27. Bxd5
a6 28. Qb3 Qc7 29. Qxb7 Nxd5 30. Qxd5 Rfe8 31. Qd7 Qb6 32. Qf7 Rf8 33. Qd5 Rfe8
34. Rxe5 Red8 35. Qb3 0-1

[Event "XXVI Festival Isola d'Elba A"]
[Site "Capoliveri ITA"]
[Date "2008.05.15"]
[Round "6"]
[White "Bodenschatz, Josef"]
[Black "Lazar, Andras"]
[Result "0-1"]
[WhiteElo "2023"]
[BlackElo "2111"]
[PlyCount "58"]
[EventDate "2008.05.10"]

1. e4 c5 2. Nc3 Nc6 3. f4 d6 4. Nf3 a6 5. a4 b6 6. b3 Bb7 7. d3 Nf6 8. g3 e6 9.
Bg2 Qc7 10. Bb2 Be7 11. Qd2 O-O 12. O-O Rac8 13. e5 dxe5 14. Nxe5 Rfd8 15. Rae1
Nd4 16. Qd1 Bxg2 17. Kxg2 Qb7+ 18. Kg1 b5 19. axb5 axb5 20. Ne2 Nf5 21. Qc1 c4
22. d4 cxb3 23. c3 Nd5 24. Nd3 Nde3 25. Rf2 Ng4 26. h3 Nxf2 27. Kxf2 Nxd4 28.
Nxd4 Rxd4 29. cxd4 Rxc1 0-1

[Event "XXVI Festival Isola d'Elba A"]
[Site "Capoliveri ITA"]
[Date "2008.05.15"]
[Round "6"]
[White "Cammarota, Vittorio"]
[Black "Pepino, Enrico"]
[Result "0-1"]
[WhiteElo "1914"]
[BlackElo "2138"]
[PlyCount "102"]
[EventDate "2008.05.10"]

1. d4 Nf6 2. Nf3 g6 3. Bf4 Bg7 4. e3 O-O 5. Be2 d6 6. h3 Nbd7 7. O-O Ne4 8.
Nbd2 Nxd2 9. Qxd2 e5 10. Bg3 e4 11. Ne1 h5 12. c4 h4 13. Bh2 Nf6 14. Qa5 Bf5
15. Nc2 Nh7 16. g4 hxg3 17. fxg3 Bxh3 18. Rf4 b6 19. Qd5 Be6 20. Qxe4 Ng5 21.
Qg2 Nh3+ 22. Kf1 Nxf4 23. gxf4 Qh4 24. Kg1 Bh3 25. Qf3 Rae8 26. Bg3 Qe7 27. Bf2
Bf5 28. Nb4 Be4 29. Qh3 c5 30. Nd3 Bf5 31. Qf3 cxd4 32. Ne1 dxe3 33. Bg3 Qe4
34. Qf1 a5 35. Nf3 Bf6 36. Rd1 Qc6 37. b3 Kg7 38. Nd4 Bxd4 39. Rxd4 Rh8 40. Bh2
Bh3 41. Bf3 Bxf1 42. Bxc6 e2 43. Bg3 e1=Q 44. Bxe1 Rxe1 45. Kf2 Ra1 46. Rxd6
Bh3 47. Ba4 Rxa2+ 48. Ke3 Rb8 49. Ke4 Be6 50. Bc6 Ra3 51. Ba4 Bxc4 0-1

[Event "XXVI Festival Isola d'Elba A"]
[Site "Capoliveri ITA"]
[Date "2008.05.15"]
[Round "6"]
[White "Castiello, Luigi"]
[Black "Ricci, Alfredo"]
[Result "0-1"]
[WhiteElo "2142"]
[BlackElo "2036"]
[PlyCount "80"]
[EventDate "2008.05.10"]

1. e4 c5 2. Nf3 e6 3. d4 cxd4 4. Nxd4 a6 5. Nc3 Qc7 6. Be3 d6 7. Bd3 Nd7 8. Nb3
Ngf6 9. O-O Be7 10. f4 b5 11. a4 b4 12. Na2 Bb7 13. Nd2 Nc5 14. Nxb4 Ncxe4 15.
a5 Nc5 16. Be2 O-O 17. Bf3 d5 18. c3 Rfd8 19. Nb3 Rab8 20. Nd4 Nce4 21. Nd3 Nd6
22. Ne5 Nc4 23. Nxc4 dxc4 24. Bxb7 Rxb7 25. Qc2 Nd5 26. Bd2 Bc5 27. Kh1 Bxd4
28. cxd4 Rdb8 29. Rab1 g6 30. g3 Qc6 31. Kg1 Rb3 32. Rfc1 Rc8 33. Kf2 Qb7 34.
Bc3 h5 35. Re1 Rb8 36. Qe4 Nxc3 37. Qxb7 R8xb7 38. Rbc1 Rxb2+ 39. Kf1 Nb1 40.
d5 Nd2+ 0-1

[Event "XXVI Festival Isola d'Elba A"]
[Site "Capoliveri ITA"]
[Date "2008.05.15"]
[Round "6"]
[White "Codenotti, Marco"]
[Black "Qendro, Llambi"]
[Result "0-1"]
[WhiteElo "2063"]
[BlackElo "2389"]
[PlyCount "54"]
[EventDate "2008.05.10"]

1. e4 g6 2. d4 Bg7 3. Nc3 c6 4. f4 d5 5. e5 Nh6 6. Be2 f6 7. Be3 Qb6 8. Rb1
fxe5 9. fxe5 Nf5 10. Bf2 Bh6 11. Qd3 O-O 12. h4 Na6 13. a3 Ng7 14. h5 Bf5 15.
Qg3 Bxc2 16. hxg6 Bxb1 17. Rxh6 Nf5 18. Qh3 Nxh6 19. Nxb1 Qxb2 20. Nd2 Qc1+ 21.
Bd1 Rxf2 22. Ngf3 Rxd2 23. Nxd2 Kg7 24. Qd7 Qxa3 25. Qxb7 Rf8 26. Bf3 hxg6 27.
Qxc6 Nb4 0-1

[Event "XXVI Festival Isola d'Elba A"]
[Site "Capoliveri ITA"]
[Date "2008.05.15"]
[Round "6"]
[White "Gardi, Giuseppe"]
[Black "Gambardella, Piero"]
[Result "0-1"]
[WhiteElo "2061"]
[BlackElo "2024"]
[PlyCount "74"]
[EventDate "2008.05.10"]

1. d4 Nf6 2. Nf3 e6 3. Bf4 c5 4. e3 d5 5. c3 Nc6 6. Nbd2 Bd6 7. Ne5 Bxe5 8.
dxe5 Nd7 9. Nf3 Qc7 10. Bb5 O-O 11. Bd3 f6 12. exf6 e5 13. Bxh7+ Kxh7 14. Ng5+
Kg6 15. Ne6 Qd6 16. Qg4+ Kxf6 17. Bg5+ Kf7 18. Nxf8 Nxf8 19. Qf3+ Kg8 20. h4 e4
21. Qe2 Bf5 22. g4 Be6 23. h5 Qd7 24. f4 exf3 25. Qxf3 Bxg4 26. Qg3 Nh7 27. Bf4
Re8 28. Rh4 Nf6 29. Bg5 Ne5 30. Bxf6 gxf6 31. Kf1 f5 32. Kf2 Qb5 33. Re1 Qxb2+
34. Kf1 Qxc3 35. Kg2 Qc4 36. Qf4 Qe4+ 37. Kf2 Nd3+ 0-1

[Event "XXVI Festival Isola d'Elba A"]
[Site "Capoliveri ITA"]
[Date "2008.05.15"]
[Round "6"]
[White "Giacometto, Mario"]
[Black "Evangelisti, Claudio R."]
[Result "0-1"]
[WhiteElo "1925"]
[BlackElo "2244"]
[PlyCount "60"]
[EventDate "2008.05.10"]

1. e4 g6 2. d4 Bg7 3. Nc3 d6 4. Bg5 a6 5. f4 b5 6. Qd2 Bb7 7. Bd3 Nd7 8. Nf3 c5
9. d5 c4 10. Be2 Ngf6 11. e5 b4 12. exf6 bxc3 13. Qxc3 Nxf6 14. Bxf6 Bxf6 15.
Qxc4 Qa5+ 16. c3 Bxd5 17. Qd3 Qc5 18. Rd1 Bxa2 19. Ra1 Bd5 20. Rxa6 Rb8 21. c4
Bc6 22. b3 O-O 23. g4 Rfd8 24. Kf1 d5 25. Kg2 Bb7 26. Ra4 dxc4 27. Qxc4 Qe3 28.
Rd1 Rxd1 29. Bxd1 Rd8 30. Qe2 Rd2 0-1

[Event "XXVI Festival Isola d'Elba A"]
[Site "Capoliveri ITA"]
[Date "2008.05.15"]
[Round "6"]
[White "Guerrini, Donato"]
[Black "Bossoni, Mario"]
[Result "1-0"]
[WhiteElo "2026"]
[BlackElo "1977"]
[PlyCount "73"]
[EventDate "2008.05.10"]

1. Nf3 c5 2. g3 d5 3. c4 e6 4. Bg2 Nf6 5. O-O Be7 6. d3 O-O 7. Nbd2 Qc7 8. Qc2
Na6 9. a3 b6 10. b3 Bb7 11. cxd5 exd5 12. Bb2 Rac8 13. Rfc1 Qb8 14. Be5 Qa8 15.
Qb2 Nc7 16. b4 Ne6 17. bxc5 Nxc5 18. Nd4 Rfe8 19. Nf5 Ncd7 20. d4 Bf8 21. Bh3
g6 22. Ne3 Rxc1+ 23. Rxc1 Nxe5 24. dxe5 Ne4 25. Nxe4 dxe4 26. e6 f5 27. Qf6 Re7
28. Bxf5 gxf5 29. Nxf5 Qe8 30. Qg5+ Kh8 31. Nxe7 Bxe7 32. Qe5+ Kg8 33. Rc7 Bc8
34. Rxa7 Qd8 35. Ra8 Qd1+ 36. Kg2 Qc2 37. Qh5 1-0

[Event "XXVI Festival Isola d'Elba A"]
[Site "Capoliveri ITA"]
[Date "2008.05.15"]
[Round "6"]
[White "Horton-Kitchlew, Andrew"]
[Black "Vuelban, Virgilio"]
[Result "1-0"]
[WhiteElo "2105"]
[BlackElo "2270"]
[PlyCount "64"]
[EventDate "2008.05.10"]

1. d4 Nf6 2. Nf3 c5 3. e3 d5 4. Nbd2 Nc6 5. b3 Bg4 6. Bb2 cxd4 7. exd4 e6 8.
Be2 Qa5 9. c3 Bd6 10. O-O O-O 11. Re1 Rac8 12. Ne5 Bxe5 13. Bxg4 Nxg4 14. Qxg4
Bf6 15. Nf3 Rfd8 16. h4 Qa6 17. Re3 Ne7 18. Ne5 Nf5 19. Rh3 Bxe5 20. dxe5 d4
21. c4 b5 22. c5 Rxc5 23. Qg5 Qc8 24. g4 h6 25. Qf4 Ne7 26. Rf3 Ng6 27. Qxf7+
Kh7 28. Rf6 Nf4 29. g5 hxg5 30. hxg5 Nh3+ 31. Kg2 Kh8 32. Rh1 Qb7+ 1-0

[Event "XXVI Festival Isola d'Elba A"]
[Site "Capoliveri ITA"]
[Date "2008.05.15"]
[Round "6"]
[White "Ortega, Lexy"]
[Black "Oschetzki, Stefan"]
[Result "1-0"]
[WhiteElo "2459"]
[BlackElo "2175"]
[PlyCount "85"]
[EventDate "2008.05.10"]

1. d4 g6 2. e4 Bg7 3. Nf3 d6 4. Nc3 Nd7 5. h4 h6 6. Be3 e6 7. Nd2 Ne7 8. f4 Nf6
9. Be2 h5 10. Nf3 a6 11. Ng5 b6 12. Bf3 Bb7 13. Qe2 d5 14. O-O-O Qd7 15. Kb1
Rd8 16. e5 Nfg8 17. g4 hxg4 18. Bxg4 Nh6 19. h5 Nef5 20. Bf2 Qe7 21. hxg6 fxg6
22. Bxf5 Nxf5 23. Rxh8+ Bxh8 24. Rh1 Kd7 25. Qg4 Bg7 26. Rh7 Rh8 27. Qh3 Qf8
28. Ne2 Bc8 29. Ng3 Kc6 30. Nxf5 gxf5 31. Qh5 Kb7 32. Qg6 Rxh7 33. Nxh7 Qh8 34.
Bh4 Bd7 35. Bf6 Bxf6 36. exf6 Be8 37. Qg7 Qxg7 38. fxg7 Bf7 39. Nf6 Kc6 40.
g8=Q Bxg8 41. Nxg8 Kd7 42. Nf6+ Ke7 43. Nh5 1-0